| 000 | 01199nab a22002297a 4500 | ||
|---|---|---|---|
| 999 |
_c6212 _d6212 |
||
| 003 | OSt | ||
| 005 | 20260125234541.0 | ||
| 008 | 190514b xxu||||| |||| 00| 0 spa d | ||
| 040 | _cPJ | ||
| 100 |
_94488 _aOrtiz, Diego O. |
||
| 245 | 1 | 3 |
_aLa visibilización institucional de las múltiples vulnerabilidades / _bDiego Ortiz. |
| 300 | _ap. 47-55 | ||
| 500 | _aCita: TR LALEY AR/DOC/1513/2024. | ||
| 505 | _aSumario: I. Introducción.— II. Los hechos del caso.— III. Las vulnerabilidades.— IV. La visibilización de la articulación interinstitucional.— V. La violencia económica y vicaria.— VI. La autorización para viajar contextualizada.— VII. Conclusión. | ||
| 505 | _tFallo comentado: JNiñez,Adoles.Viol.Fliar y de Género de 3° nom., Córdoba ~ 13/11/2023 ~ P. M. D. s/ denuncia por violencia familiar. | ||
| 650 | 0 |
_9967 _aDERECHO DE FAMILIA |
|
| 650 | 0 |
_94695 _aSITUACIÓN DE VULNERABILIDAD |
|
| 650 | 0 |
_91057 _aJURISPRUDENCIA APLICABLE |
|
| 700 |
_96939 _aPedrido Mariani, Julia |
||
| 773 | 0 |
_02844 _93222 _dBuenos Aires : AbeledoPerrot, 1989- _tDerecho de familia. Revista Interdisciplinaria de doctrina y jurisprudencia. Agosto 2024-IV. _z18511201 |
|
| 942 |
_2udc _cANA |
||